00683cam a2200193 a 4500020001500000020001800015041000800033082001500041100001000056245003600066260004600102300001300148500007000161520010500231650002000336942000700356952010900363999001700472 a8172248598 a9788172248598 aENG a291.4bOSH0 aOsho,14aThe revolution : Talks on Kabir aMumbai :bJaico Pub. House,c2004, c2003. a323 p. ; aReprint. Originally published: Poona : Rajneesh Foundation, 1979. aDiscourses on spiritual life with reference to philosophy of Kabir, 15th century, Hindu mystic poet. 0aSpiritual life. cBK 00104070aHMIbHMIcGENd2025-10-22eDirectorg160.00l0o291.4 OSHp24490r2025-10-22w2025-10-22yBK c23643d23643